| 000 | 00686nam a2200217Ia 4500 | ||
|---|---|---|---|
| 003 | GCL | ||
| 008 | 140319s9999 xx 000 0 ara d | ||
| 040 |
_aGCL / _cGCL |
||
| 082 | 0 | 4 |
_a811.4 _bا د |
| 100 | 1 | _aعبيدالله بن قيس الرقيات | |
| 245 | 1 | 0 |
_aديوان عبيد الله بن قيس الرقبيات / _cعبيدالله بن قيس الرقيات |
| 700 | 1 | _aمحمد يوسف نجم | |
| 260 |
_aبيروت : _bدار صادر |
||
| 300 |
_a231 ص ؛ _c24 سم |
||
| 490 | _a | ||
| 650 | 0 | 4 | _aالشعر العربى |
| 650 | 0 | 4 | _aالادب العربى |
| 650 | 0 | 4 | _aدواوين وقصائد |
| 650 | 0 | 4 | _aتاريخ ونقد |
| 942 |
_2ddc _cBK |
||
| 999 |
_c31344 _d31344 |
||